[Event "AUTO-ADV-4048"]
[Site "http://www.queenalice.com/game.php?id=1536184"]
[Date "2018.7.26"]
[Round "1"]
[White "danielporrasarias"]
[Black "EEC"]
[Result "0-1"]
[WhiteElo "1875"]
[BlackElo "2079"]

1. e4 e5 2. Bc4 Bc5 3. Nf3 d6 4. h3 Nc6 5. d3 h6 6. Nbd2 Qf6 7. Nf1 Nd4 8. N1h2
Ne7 9. c3 Nxf3+ 10. Nxf3 Be6 11. Bb3 O-O 12. Bd2 Qg6 13. Bxe6 fxe6 14. Qe2 Qxg2
15. Rg1 Qxf3 16. Qxf3 Rxf3 17. O-O-O Bxf2 18. Rg2 Be3 19. Bxe3 Rxe3 20. Rdg1 g5
21. h4 Kh7 22. hxg5 h5 23. g6+ Kg7 24. Kd2 Rh3 25. Rf1 Rf8 26. Rxf8 Kxf8 27. g7+
Kg8 28. Kc2 h4 29. Kb3 Rxd3 30. Rh2 Ng6 31. Kc4 Re3 32. Rg2 Kxg7 33. Rg4 h3 0-1

[Event "AUTO-ADV-4048"]
[Site "http://www.queenalice.com/game.php?id=1536185"]
[Date "2018.7.26"]
[Round "1"]
[White "EEC"]
[Black "smcneil"]
[Result "1-0"]
[WhiteElo "2130"]
[BlackElo "1896"]

1. e4 c5 2. Bc4 e6 3. e5 a6 4. f4 b5 5. Be2 Bb7 6. Bf3 Bxf3 7. Qxf3 Nc6 8. d3
Nd4 9. Qd1 Nh6 10. Nf3 Nhf5 11. Nxd4 Nxd4 12. Nd2 Be7 13. Nf3 Nxf3+ 14. Qxf3 O-O
15. O-O Qb6 16. Be3 Rac8 17. Qf2 Qc6 18. c3 a5 19. Rac1 a4 20. c4 b4 21. d4 cxd4
22. Bxd4 Bc5 23. Bxc5 Qxc5 24. b3 a3 25. Rcd1 Rfd8 26. Qxc5 Rxc5 27. h4 Rc6 28.
Rd4 Rc5 29. Rfd1 Rc7 30. Rd6 Kf8 31. Rb6 Ra7 32. Rxb4 Ke7 33. Rd6 Rc8 34. Rbb6
f5 35. Kf2 h6 36. Ra6 Rca8 37. Rxa7 Rxa7 38. Ke3 Ra5 39. b4 Ra4 40. Rb6 Kd8 41.
Kd4 Kc7 42. Kc5 Ra8 43. b5 h5 44. Ra6 Rxa6 45. bxa6 Kb8 46. Kb6 g6 47. c5 Ka8
48. a7 d5 49. c6 d4 50. c7 1-0

[Event "AUTO-ADV-4048"]
[Site "http://www.queenalice.com/game.php?id=1536186"]
[Date "2018.7.26"]
[Round "1"]
[White "smcneil"]
[Black "EEC"]
[Result "0-1"]
[WhiteElo "1896"]
[BlackElo "2117"]

1. e4 e5 2. Nf3 Nc6 3. Bc4 Bc5 4. O-O d6 5. d3 h6 6. Nc3 Qf6 7. Nd5 Qd8 8. a3 a5
9. Be3 Ba7 10. b4 Bxe3 11. fxe3 Nge7 12. Nxe7 Qxe7 13. b5 Nd8 14. a4 b6 15. Bd5
Bb7 16. Bxb7 Nxb7 17. c4 Nc5 18. h3 O-O 19. Qc2 f5 20. Nh2 fxe4 21. d4 Rxf1+ 22.
Rxf1 exd4 23. exd4 Nd3 24. Ng4 Rf8 25. Ne3 Rxf1+ 26. Nxf1 Qf6 27. Qe2 Qxd4+ 28.
Ne3 Qa1+ 29. Qd1 Qc3 30. Kh2 Qe5+ 31. Kg1 Qd4 32. Qd2 Qc5 33. Kf1 Kf7 34. g3 Ke6
35. Ke2 Qh5+ 36. g4 Qxh3 37. Kd1 Qf3+ 38. Kc2 g6 39. Kc3 h5 40. gxh5 gxh5 41.
Kd4 Qf6+ 42. Kxe4 Nc5# 0-1

[Event "AUTO-ADV-4048"]
[Site "http://www.queenalice.com/game.php?id=1536187"]
[Date "2018.7.26"]
[Round "1"]
[White "EEC"]
[Black "wiktormool"]
[Result "1-0"]
[WhiteElo "2094"]
[BlackElo "1965"]

1. e4 c5 2. Bc4 Nc6 3. Qh5 e6 4. Ne2 Nf6 5. Qf3 Ne5 6. Qc3 Bd6 7. d3 a6 8. f4
Bc7 9. fxe5 Ba5 10. exf6 Bxc3+ 11. Nbxc3 Qxf6 12. a4 b6 13. Bf4 Bb7 14. O-O Qg6
15. Bd6 Rc8 16. Nf4 Qh6 17. e5 g5 18. Nfe2 Qg6 19. Rf6 Qh5 20. Raf1 Qg4 21. Ng3
h5 22. Rxf7 1-0

[Event "AUTO-ADV-4048"]
[Site "http://www.queenalice.com/game.php?id=1536188"]
[Date "2018.7.26"]
[Round "1"]
[White "wiktormool"]
[Black "EEC"]
[Result "1-0"]
[WhiteElo "2027"]
[BlackElo "2110"]

1. c4 e5 2. Nc3 Bc5 3. Nf3 d6 4. a3 a5 5. g3 Nc6 6. Bg2 Nd4 7. e3 Nxf3+ 8. Qxf3
Qf6 9. Qe2 Ne7 10. Ne4 Qe6 11. Qf3 Qxc4 12. Bf1 Qc2 13. Nc3 O-O 14. Bc4 Bh3 15.
g4 d5 16. Be2 d4 17. exd4 exd4 18. Ne4 f5 19. Nxc5 fxg4 20. Qb3+ Qxb3 21. Nxb3
Nc6 22. Bf1 Rae8+ 23. Kd1 Rxf2 24. Bxh3 gxh3 25. d3 Ree2 26. Bd2 b6 27. Rc1 Re6
28. Rc2 a4 29. Nc1 h6 30. Be1 Rxc2 31. Kxc2 Ne5 32. Bg3 c5 33. Re1 Kf7 34. Rxe5
Rxe5 35. Bxe5 g5 36. Ne2 Ke6 37. Bc7 b5 38. Ng3 Kd5 39. Bd8 Ke5 40. Ne4 c4 41.
Bf6+ Kf4 42. Bxd4 g4 43. Bc5 h5 44. Nf2 Kf3 45. Nh1 cxd3+ 46. Kxd3 Kg2 47. Ng3
Kxh2 48. Nxh5 Kg2 49. Bd6 h2 50. Bxh2 Kxh2 51. Ke3 g3 52. Nxg3 Kxg3 53. Kd3 Kf4
54. Kc3 Ke5 55. Kb4 1-0

[Event "Challenge"]
[Site "http://www.queenalice.com/game.php?id=1537123"]
[Date "2018.8.1"]
[Round "-"]
[White "EEC"]
[Black "MackMendes"]
[Result "0-1"]
[WhiteElo "2090"]
[BlackElo "2177"]

1. e4 c5 2. Qh5 d6 3. Bc4 g6 4. Qf3 Nf6 5. d3 Bg4 6. Qg3 Bg7 7. Nc3 a6 8. Nd5
Nbd7 9. h3 Be6 10. Nxf6+ Nxf6 11. Bxe6 fxe6 12. e5 Nd5 13. Nf3 Nb4 14. Kd1 d5
15. a3 Nc6 16. Re1 Qd7 17. Bg5 h6 18. Bd2 g5 19. h4 O-O-O 20. Rh1 g4 21. Qxg4
Rhg8 22. Qh5 Rdf8 23. b4 c4 24. d4 Qd8 25. Qg6 Qd7 26. Bxh6 Bxe5 27. Nxe5 Rxg6
28. Nxd7 Rfg8 29. Nb6+ Kc7 30. Nxd5+ exd5 31. Bf4+ Kd7 32. g3 Nxd4 33. h5 Rf6
34. Be5 Nf3 35. Bxf6 exf6 36. a4 b6 37. c3 Ne5 38. Ke2 Rh8 39. Rad1 Ke6 40. f4
Ng4 41. Kf3 f5 42. a5 b5 43. Rh4 Rh6 44. Rxg4 fxg4+ 45. Kxg4 Rh8 46. f5+ Kd6 47.
Re1 d4 48. cxd4 Kd5 49. f6 c3 50. Kg5 Rg8+ 51. Kf4 Kxd4 52. g4 c2 53. g5 Rd8 54.
f7 Kc3 55. g6 Rd1 56. f8=Q c1=Q+ 57. Re3+ Kb2 58. Qf6+ Ka2 59. Qe6+ Ka1 60. Qe5+
Ka2 61. Qc3 Rf1+ 62. Ke4 Qb1+ 63. Kd4 Rf4+ 64. Kd5 Qf5+ 65. Kd6 Qf8+ 66. Kc6
Rc4+ 67. Qxc4+ bxc4 68. Kd5 Qh6 69. Kd4 Qxh5 70. Kxc4 Qxg6 71. Rd3 Qc6+ 72. Kd4
Kb2 0-1

[Event "Challenge"]
[Site "http://www.queenalice.com/game.php?id=1538992"]
[Date "2018.8.15"]
[Round "-"]
[White "dnptrs"]
[Black "EEC"]
[Result "1-0"]
[WhiteElo "2161"]
[BlackElo "2127"]

1. d4 d5 2. Nf3 Bg4 3. e3 a6 4. c4 Nf6 5. Nc3 e6 6. a3 c6 7. h3 Bxf3 8. Qxf3 Be7
9. cxd5 cxd5 10. Bd3 O-O 11. O-O Nc6 12. b4 b5 13. Bb2 Nd7 14. Rac1 Nb6 15. Nxd5
Qxd5 16. Qxd5 Nxd5 17. Rxc6 a5 18. Bxb5 Rfb8 19. a4 Nxb4 20. Rc4 Kf8 21. Ba3 g5
22. f4 gxf4 23. exf4 Nd5 24. Bxe7+ Nxe7 25. Rfc1 Rd8 26. Rd1 Nf5 27. Rc5 Nxd4
28. Rb1 Rdb8 29. Kh2 Ra7 30. Bd3 Rxb1 31. Bxb1 f5 32. Rc4 Rb7 33. Rxd4 Rxb1 34.
Rd6 Rb4 35. Rxe6 Rxa4 36. Rf6+ Kg7 37. Rxf5 Ra2 38. Rg5+ Kf6 39. Rb5 a4 40. Ra5
a3 41. Kg3 Ke6 42. Rh5 Ra1 43. Rxh7 Kd5 44. Ra7 Kc4 45. f5 Kb3 46. Kh4 Rc1 47.
g4 a2 48. f6 a1=Q 49. Rxa1 Rxa1 50. Kg5 Kc4 51. f7 Rf1 52. Kg6 Kd5 53. Kg7 Ke6
54. f8=Q Rxf8 55. Kxf8 Kf6 56. h4 Kg6 57. g5 Kh5 58. Kf7 Kxh4 59. g6 Kg5 60. g7
Kf4 61. g8=Q Ke4 62. Kf6 Kd4 63. Qb3 Ke4 64. Qc3 Kd5 65. Kf5 Kd6 66. Qc4 1-0

[Event "Challenge"]
[Site "http://www.queenalice.com/game.php?id=1538993"]
[Date "2018.8.15"]
[Round "-"]
[White "EEC"]
[Black "dnptrs"]
[Result "1/2-1/2"]
[WhiteElo "2122"]
[BlackElo "2173"]

1. e4 c5 2. Bc4 e6 3. d4 cxd4 4. Qxd4 Nc6 5. Qe3 Nf6 6. f4 d5 7. exd5 Nxd5 8.
Bxd5 Qxd5 9. Nf3 Bd7 10. Nc3 Qa5 11. Bd2 Qc7 12. O-O-O a6 13. f5 Be7 14. fxe6
Bxe6 15. Ng5 Bxg5 16. Qxg5 Qe5 17. Qxe5 Nxe5 18. h3 h6 19. Bf4 Ng6 20. Bd6 O-O-O
21. Na4 b5 22. Nc5 Rhe8 23. Bg3 Bd5 24. Rd2 Bb7 25. Nxb7 Kxb7 26. Rxd8 Rxd8 27.
b4 Rd5 28. Bh2 Rf5 29. g4 Rf3 30. Bd6 Nf4 31. Bxf4 Rxf4 32. a3 Rf3 33. Re1 Kc8
34. h4 Rf4 35. Rg1 Kc7 36. Kd2 Rf2+ 37. Kc3 Rf3+ 38. Kb2 Rf4 39. h5 f6 40. Rg3
Kd7 41. Kc3 Ke6 42. Re3+ Kf7 43. Rg3 g6 44. Kd3 gxh5 45. gxh5 Rh4 46. c4 Rxc4
47. Rg6 Rh4 48. Rxh6 Rh3+ 49. Kd4 Ke6 50. Rh8 f5 51. Rh6+ 1/2-1/2

[Event "AUTO-MASTER-2766"]
[Site "http://www.queenalice.com/game.php?id=1542645"]
[Date "2018.9.17"]
[Round "1"]
[White "Artking"]
[Black "EEC"]
[Result "0-1"]
[WhiteElo "1980"]
[BlackElo "2110"]

1. e4 e5 2. Nf3 Nc6 3. Bb5 Nge7 4. c3 d6 5. d3 h6 6. h3 Bd7 7. Ba4 Nb8 8. Bb3
Ng6 9. Nbd2 f5 10. exf5 Bxf5 11. Nf1 Qf6 12. Ng3 Be6 13. Bc2 Nf4 14. Bxf4 Qxf4
15. Qe2 Nd7 16. O-O Qf7 17. Rfe1 O-O-O 18. c4 Re8 19. b4 g5 20. Ne4 g4 21. hxg4
Bxg4 22. Qe3 b6 23. a4 Rg8 24. Kf1 Nf6 25. a5 Nxe4 26. Qxe4 d5 27. Nxe5 Qh5 28.
Nxg4 dxe4 0-1

[Event "AUTO-MASTER-2766"]
[Site "http://www.queenalice.com/game.php?id=1542646"]
[Date "2018.9.17"]
[Round "1"]
[White "EEC"]
[Black "Artking"]
[Result "1-0"]
[WhiteElo "2126"]
[BlackElo "1964"]

1. e4 c5 2. Bc4 Nc6 3. f4 d6 4. h3 Nf6 5. d3 g6 6. Nc3 e6 7. Nf3 Bg7 8. Bb5 a6
9. Bxc6+ bxc6 10. e5 Nd5 11. Bd2 Nxc3 12. Bxc3 d5 13. Qd2 a5 14. Qf2 d4 15. Bd2
O-O 16. h4 h5 17. Qg1 Ra7 18. g4 Kh8 19. gxh5 gxh5 20. Qg5 Qxg5 21. hxg5 Kh7 22.
Rxh5+ Kg6 23. Rh3 Rh8 24. Rxh8 Bxh8 25. O-O-O a4 26. Rh1 Bg7 27. c4 dxc3 28.
bxc3 c4 29. dxc4 Ba6 30. Nh4+ Kh5 31. Be3 Rb7 32. Nf5+ Kg6 33. Nd6 Rb8 34. Ba7
Ra8 35. Bb6 Bf8 36. c5 Be7 37. Kc2 Rb8 38. c4 Bxg5 39. Rg1 1-0

[Event "AUTO-MASTER-2766"]
[Site "http://www.queenalice.com/game.php?id=1542661"]
[Date "2018.9.17"]
[Round "1"]
[White "patreszer"]
[Black "EEC"]
[Result "1/2-1/2"]
[WhiteElo "2055"]
[BlackElo "2128"]

1. d4 d5 2. c4 c5 3. dxc5 Qa5+ 4. Bd2 Qxc5 5. cxd5 Qxd5 6. Nc3 Qd6 7. Nf3 Nf6 8.
g3 Qb6 9. b3 Ng4 10. e3 Nc6 11. Bg2 Bf5 12. O-O O-O-O 13. Qc1 Kb8 14. Na4 Qb5
15. Qc5 Qd3 16. Qc3 e6 17. Rfc1 Ba3 18. Rd1 Qe2 19. Rf1 Bb4 20. Qb2 Be4 21. Rae1
Qd3 22. Bxb4 Nxb4 23. Ne5 Nxe5 24. Qxe5+ Qd6 25. Qxd6+ Rxd6 26. Bxe4 Rc8 27. Bb1
Rd2 28. Rc1 Rxc1 29. Rxc1 Nxa2 30. Bxa2 Rxa2 31. Rc3 Rd2 32. Nc5 b6 33. Ne4 Rd7
34. Kf1 h6 35. Ke2 a5 36. h4 Kb7 37. Rd3 Rxd3 38. Kxd3 Kc6 39. Nd2 b5 40. f4 Kc5
41. g4 Kb4 42. Kc2 a4 43. bxa4 bxa4 44. Kb2 a3+ 45. Ka2 Kc3 46. Nf1 Kd3 47. Kxa3
Ke2 48. Ng3+ Kxe3 49. Nh5 g6 50. Nf6 Kxf4 51. Ng8 h5 52. gxh5 gxh5 53. Kb2 e5
54. Kc2 f5 55. Kd2 Kg3 56. Nh6 f4 57. Ke1 Kg2 58. Nf5 f3 59. Ne3+ Kg3 60. Kf1
Kxh4 61. Kf2 e4 62. Nf5+ Kg5 63. Ne3 h4 64. Nf1 Kf4 65. Ne3 h3 66. Nd5+ Kg5
1/2-1/2

[Event "AUTO-MASTER-2766"]
[Site "http://www.queenalice.com/game.php?id=1542662"]
[Date "2018.9.17"]
[Round "1"]
[White "EEC"]
[Black "patreszer"]
[Result "0-1"]
[WhiteElo "2138"]
[BlackElo "2036"]

1. e4 e6 2. d4 d5 3. exd5 exd5 4. c4 Nf6 5. Bg5 Be7 6. Nc3 dxc4 7. Bxc4 O-O 8.
h3 c6 9. Nge2 Bf5 10. a3 Nbd7 11. O-O Nb6 12. Bb3 h6 13. Be3 Qc7 14. Bf4 Bd6 15.
Bxd6 Qxd6 16. Qd2 Rad8 17. Rad1 Rfe8 18. Ng3 Bg6 19. Bc2 Nbd5 20. Bxg6 fxg6 21.
Rfe1 g5 22. Nge4 Nxe4 23. Nxe4 Qf4 24. f3 Qc7 25. Nc5 Nf4 26. Rxe8+ Rxe8 27. Re1
Rxe1+ 28. Qxe1 b6 29. Ne6 Qe7 30. Qe5 Qxe6 31. Qe4 Qxe4 32. fxe4 Kf7 33. Kf1 Ke6
34. b4 Nd3 35. Ke2 Nf4+ 36. Kf3 Ng6 37. g3 h5 38. a4 Ne7 39. a5 g6 40. axb6 axb6
41. Ke3 Nc8 42. Kd3 Nd6 43. h4 gxh4 44. gxh4 Nb5 45. Kc4 Nd6+ 46. Kd3 Nf7 47.
Ke3 g5 48. hxg5 Nxg5 49. Kf4 Nh7 50. Kg3 Ng5 51. e5 Kd5 52. Kh4 Ne6 53. Kxh5
Nxd4 54. Kg4 Kxe5 0-1

[Event "AUTO-MASTER-2766"]
[Site "http://www.queenalice.com/game.php?id=1542673"]
[Date "2018.9.17"]
[Round "1"]
[White "EEC"]
[Black "Anusha"]
[Result "0-1"]
[WhiteElo "2124"]
[BlackElo "2199"]

1. e4 e6 2. d4 d5 3. exd5 exd5 4. Nc3 c6 5. Qe2+ Be7 6. Bg5 f6 7. Bf4 Nh6 8.
Bxh6 gxh6 9. Qh5+ Kd7 10. Qxh6 Kc7 11. Bd3 Be6 12. Qe3 Bf7 13. f4 Bb4 14. Bf5
Re8 15. Qxe8 Qxe8+ 16. Kf2 Bg6 17. Re1 Qf8 18. Bxg6 hxg6 19. Nge2 Bxc3 20. Nxc3
Nd7 21. Nd1 Re8 22. Kf3 Rxe1 23. Rxe1 Kd6 24. Nf2 Qd8 25. c3 Nb6 26. Nd3 Nc4 27.
Nc5 Qc8 28. Re6+ Qxe6 29. Nxe6 Kxe6 30. b3 Nd6 31. Ke2 Kf5 32. Ke3 Kg4 33. a4
Nf5+ 34. Kd3 Kxf4 35. c4 Ne7 36. b4 b6 37. b5 cxb5 38. cxd5 Nxd5 39. axb5 Kf5
40. g3 Ke6 41. h3 Kd6 42. Ke4 Nc3+ 0-1

[Event "AUTO-MASTER-2766"]
[Site "http://www.queenalice.com/game.php?id=1542674"]
[Date "2018.9.17"]
[Round "1"]
[White "Anusha"]
[Black "EEC"]
[Result "0-1"]
[WhiteElo "2184"]
[BlackElo "2078"]

1. d4 Nf6 2. Nf3 d5 3. Bf4 Nh5 4. Bg5 h6 5. Bd2 Bg4 6. e3 Nf6 7. h3 Bxf3 8. Qxf3
e6 9. Bd3 Nc6 10. O-O Bd6 11. c4 Bb4 12. Nc3 Nd7 13. cxd5 exd5 14. Qxd5 O-O 15.
Qf5 g6 16. Qf4 Kg7 17. Rad1 Nb6 18. h4 Bxc3 19. bxc3 Nd5 20. Qg3 Qd6 21. f4 f5
22. e4 fxe4 23. Bxe4 Nce7 24. Qd3 Nxf4 25. Qe3 Rae8 26. g3 Ned5 27. Qe1 Nh5 28.
Rxf8 Qxf8 29. Bxh6+ Kxh6 30. Qd2+ Ndf4 0-1

[Event "AUTO-OPEN-3976"]
[Site "http://www.queenalice.com/game.php?id=1542720"]
[Date "2018.9.18"]
[Round "1"]
[White "brink2018"]
[Black "EEC"]
[Result "1/2-1/2"]
[WhiteElo "2129"]
[BlackElo "2125"]

1. d4 Nf6 2. Bf4 d5 3. e3 a6 4. Nd2 Bf5 5. Bd3 Bg6 6. Ngf3 Nbd7 7. Ne5 Nxe5 8.
Bxe5 e6 9. Qe2 Bd6 10. Bg3 c5 11. c3 c4 12. Bxg6 hxg6 13. Bxd6 Qxd6 14. f4 b5
15. Qf3 Qc7 16. e4 a5 17. a3 Rb8 18. g4 b4 19. axb4 axb4 20. O-O bxc3 21. bxc3
O-O 22. g5 dxe4 23. Nxe4 Nd5 24. Rf2 Rb3 25. h4 Rfb8 26. h5 gxh5 27. Qxh5 Nxf4
28. Qh2 Rb1+ 29. Rxb1 Rxb1+ 30. Rf1 Rxf1+ 31. Kxf1 e5 32. dxe5 Qxe5 33. Qc2 Nd3
34. Qe2 Qf4+ 35. Kg1 f5 36. gxf6 gxf6 37. Qg2+ Kf7 38. Nd2 Qe3+ 39. Kh2 Qe5+ 40.
Qg3 Nf4 41. Qf3 Ne6+ 42. Qg3 Qe2+ 43. Qg2 Qd3 44. Qb7+ Kg6 45. Qe4+ Qxe4 46.
Nxe4 Nf4 47. Nd2 Kg5 48. Nxc4 Ne2 1/2-1/2

[Event "AUTO-OPEN-3976"]
[Site "http://www.queenalice.com/game.php?id=1542721"]
[Date "2018.9.18"]
[Round "1"]
[White "EEC"]
[Black "brink2018"]
[Result "1-0"]
[WhiteElo "2142"]
[BlackElo "1860"]

1. e4 d6 2. d4 Nf6 3. f3 e5 4. dxe5 dxe5 5. Qxd8+ Kxd8 6. Bg5 Be6 7. Bxf6+ gxf6
8. Nc3 Bb4 9. O-O-O+ Nd7 10. Nd5 Bd6 11. a3 Rg8 12. g3 Rg6 13. Bh3 Kc8 14. Bf5
Bxf5 15. exf5 Rg8 16. Ne2 Bc5 17. h3 c6 18. Ndc3 a5 19. Ne4 Be7 20. g4 Kc7 21.
Rd3 Rad8 22. Rhd1 b5 23. f4 a4 24. Rc3 b4 25. axb4 Bxb4 26. Rc4 a3 27. Rxb4 1-0

[Event "AUTO-OPEN-3976"]
[Site "http://www.queenalice.com/game.php?id=1542748"]
[Date "2018.9.18"]
[Round "1"]
[White "jupar"]
[Black "EEC"]
[Result "1-0"]
[WhiteElo "1901"]
[BlackElo "2150"]

1. e4 e5 2. Nf3 Nc6 3. d4 exd4 4. Nxd4 Nxd4 5. Qxd4 Qf6 6. e5 Qc6 7. Nc3 a6 8.
Qd5 Ne7 9. Qe4 Qxe4+ 10. Nxe4 g6 11. Nf6+ Kd8 12. Bc4 Bg7 13. O-O Nc6 14. f4 d6
15. Be3 dxe5 16. Rad1+ Ke7 17. fxe5 Bxf6 18. Bc5+ Ke8 19. exf6 Nd8 20. Rfe1+ Be6
21. Be7 Bxc4 22. Bxd8+ Be6 23. Be7 Bxa2 24. b3 b6 25. Rd2 c5 26. Red1 Bxb3 27.
Rd8+ Rxd8 28. Rxd8# 1-0

[Event "AUTO-OPEN-3976"]
[Site "http://www.queenalice.com/game.php?id=1542749"]
[Date "2018.9.18"]
[Round "1"]
[White "EEC"]
[Black "jupar"]
[Result "1-0"]
[WhiteElo "2113"]
[BlackElo "2020"]

1. e4 e5 2. Bc4 Nc6 3. d3 Nf6 4. f4 d6 5. Nc3 Bg4 6. Nf3 Nd4 7. h3 Nxf3+ 8. gxf3
Bh5 9. f5 Be7 10. Rg1 c6 11. Rxg7 Bf8 12. Rg3 h6 13. Be3 a6 14. Qd2 d5 15. exd5
cxd5 16. Bb3 d4 17. Bxd4 exd4 18. Ne4 Nxe4 19. fxe4 Qh4 20. Qf2 Bd6 21. Rf3
Qxf2+ 22. Rxf2 Bg3 23. Bd5 O-O-O 24. Rc1 Rdg8 25. c3 dxc3 26. Rxc3+ Kb8 27. Rb3
b5 28. a4 Rc8 29. axb5 a5 30. Bc4 Kb7 31. b6 Rc5 32. Bd5+ Rxd5 33. exd5 Rc8 34.
Kf1 Rc1+ 35. Kg2 Bxf2 36. Kxf2 f6 37. Rb5 Rc2+ 38. Ke3 Be8 39. Rxa5 Kxb6 40. Ra8
Bd7 41. Rf8 Kc5 42. Rf7 Bxf5 43. Rc7+ Kxd5 44. Rxc2 Bxh3 45. Rh2 Be6 46. Rxh6 f5
47. b4 Bd7 48. Rb6 Ke5 49. Ra6 Kd5 50. Ra5+ Kd6 51. Kd4 Kc6 52. Kc4 Kb6 53. d4
Kc6 54. Ra6+ Kb7 55. b5 Kc7 56. Kc5 Bc8 57. Ra7+ Kb8 58. b6 Bb7 59. d5 f4 60. d6
Bc8 61. d7 Bxd7 62. Rxd7 Kc8 63. Rc7+ Kb8 64. Kc6 1-0

[Event "AUTO-OPEN-3976"]
[Site "http://www.queenalice.com/game.php?id=1542766"]
[Date "2018.9.18"]
[Round "1"]
[White "inda13"]
[Black "EEC"]
[Result "1/2-1/2"]
[WhiteElo "2209"]
[BlackElo "2085"]

1. d4 d5 2. c4 c5 3. cxd5 Qxd5 4. e3 cxd4 5. Nc3 Qe5 6. Nf3 Qa5 7. exd4 a6 8.
Be2 Bg4 9. O-O e6 10. h3 Bh5 11. Ne5 Bxe2 12. Qxe2 Bb4 13. Qf3 Qc7 14. Bf4 Bd6
15. Qg3 g6 16. Rac1 Qb6 17. Nxf7 Kxf7 18. Bxd6 Nf6 19. Be5 Nbd7 20. Ne4 Nxe4 21.
Qf4+ Nef6 22. Rc7 Ke8 23. Bxf6 Rf8 24. Rxd7 Kxd7 25. Qe5 Qxb2 26. Bh4 Rf7 27.
Bg3 Rd8 28. Qd6+ Ke8 29. Qxe6+ Kf8 30. Bc7 Qxd4 31. Bxd8 Qxd8 32. Re1 Qd4 33.
Qe8+ Kg7 34. Re2 Qd1+ 35. Re1 Qd5 36. Re2 b5 37. Qe3 b4 38. Rd2 Qc4 39. Qe5+ Kh6
40. Rd4 Qc1+ 41. Kh2 Qg5 42. Qxg5+ Kxg5 43. Rxb4 Rxf2 44. Ra4 Rf6 45. Kg3 h5 46.
Ra5+ Kh6 47. h4 Rb6 48. Kf3 Kg7 49. g3 Kf7 50. Ke3 Ke6 51. Rg5 Kf6 52. Ra5 Ke6
53. Rg5 Kd7 54. Kf4 Ke7 55. Ra5 Kf7 56. Rc5 Rb4+ 57. Ke5 Rg4 58. Rc3 Kg7 59. Ra3
a5 60. Rxa5 Rxg3 61. Ra7+ Kh6 62. Ra4 Kg7 1/2-1/2

[Event "AUTO-OPEN-3976"]
[Site "http://www.queenalice.com/game.php?id=1542767"]
[Date "2018.9.18"]
[Round "1"]
[White "EEC"]
[Black "inda13"]
[Result "0-1"]
[WhiteElo "2098"]
[BlackElo "2133"]

1. e4 c5 2. Bc4 Nc6 3. f4 e6 4. Nf3 d5 5. exd5 exd5 6. Bb5 Bd7 7. O-O Be7 8. Qe2
Nf6 9. Bxc6 Bxc6 10. d4 O-O 11. Re1 Bd6 12. Qf1 cxd4 13. Kh1 Bc5 14. Ne5 Ne4 15.
Nd2 f5 16. Nxc6 bxc6 17. Qa6 d3 18. Nxe4 dxe4 19. cxd3 Qxd3 20. Qxd3 exd3 21.
Be3 Bb4 22. Red1 Rfd8 23. a3 Be7 24. Rac1 Bf6 25. Rd2 Rab8 26. b4 a5 27. Ba7 Rb7
28. Bc5 axb4 29. Bxb4 Be7 30. Bxe7 Rxe7 31. g3 Re2 32. Rdd1 d2 33. Ra1 c5 34.
Kg1 c4 35. h4 Rde8 36. Kf1 c3 0-1

[Event "Challenge"]
[Site "http://www.queenalice.com/game.php?id=1547813"]
[Date "2018.10.31"]
[Round "-"]
[White "MackMendes"]
[Black "EEC"]
[Result "1-0"]
[WhiteElo "2176"]
[BlackElo "2097"]

1. d4 Nf6 2. c4 d5 3. Nc3 c6 4. Bg5 e6 5. c5 Be7 6. Nf3 a5 7. Na4 Nbd7 8. e3 h6
9. Bf4 b6 10. cxb6 Nxb6 11. Nc5 Bxc5 12. dxc5 Nbd7 13. Qc2 Ne4 14. Bd6 Nxd6 15.
cxd6 Qb6 16. Qc3 f6 17. Nd4 Nc5 18. Be2 Bd7 19. Bh5+ Kf8 20. O-O Ne4 21. Qc2 c5
22. Ne2 e5 23. Nc3 Nxc3 24. bxc3 Qxd6 25. Rab1 e4 26. c4 Qe5 27. Be2 d4 28. exd4
cxd4 29. Qb3 d3 30. Bd1 Kf7 31. Qb7 Qd4 32. Bg4 Ra7 33. Bh5+ g6 34. Bxg6+ Kxg6
35. Qb3 Be6 36. Rfd1 Bxc4 37. Qa4 e3 38. fxe3 Qxe3+ 39. Kh1 Qe6 40. Re1 Qxe1+
41. Rxe1 Rc8 42. h3 h5 43. Re4 d2 44. Rd4 Bb5 45. Qb3 Rd7 46. Rxd7 Rc1+ 47. Kh2
Bxd7 48. Qd3+ Bf5 49. Qxd2 Rc5 50. Qd8 Be6 51. a4 Re5 52. Qd3+ Kg7 53. Qg3+ Rg5
54. Qc7+ Kg6 55. h4 Rg4 56. Qxa5 Rxh4+ 57. Kg1 Bb3 58. Qc3 Bxa4 59. g3 Rg4 60.
Kf2 f5 61. Qc8 f4 62. Qe6+ Kg5 63. Qe5+ Kh6 64. gxf4 Rg7 65. Qf6+ Kh7 66. Qe5
1-0

[Event "AUTO-ADV-4048"]
[Site "http://www.queenalice.com/game.php?id=1548400"]
[Date "2018.11.6"]
[Round "2"]
[White "Eggchaser"]
[Black "EEC"]
[Result "0-1"]
[WhiteElo "1801"]
[BlackElo "2080"]

1. e4 e5 2. Nf3 Nc6 3. Bb5 Nge7 4. c3 a6 5. Ba4 b5 6. Bc2 Ng6 7. d4 exd4 8. cxd4
d5 9. exd5 Qxd5 10. Nc3 Bb4 11. Qe2+ Qe6 12. Be3 Bxc3+ 13. bxc3 Nce7 14. Bd2
Qxe2+ 15. Kxe2 Nd5 16. Rhe1 O-O 17. Kf1 Bb7 18. Be4 Rfe8 19. a4 Ne3+ 20. Rxe3
Rxe4 21. axb5 Rxe3 22. Bxe3 Bxf3 23. gxf3 a5 24. Ke2 Kf8 25. c4 a4 26. c5 Ne7
27. b6 cxb6 28. cxb6 Nd5 29. b7 Rb8 30. Kd3 Rxb7 31. Rxa4 Rb2 32. h4 Ke7 33.
Ra7+ Ke6 34. Ra6+ Rb6 35. Rxb6+ Nxb6 36. Ke4 Nd5 37. f4 f5+ 38. Kf3 Ne7 39. h5
Kd5 40. Kg3 h6 0-1

[Event "AUTO-ADV-4048"]
[Site "http://www.queenalice.com/game.php?id=1548401"]
[Date "2018.11.6"]
[Round "2"]
[White "EEC"]
[Black "Eggchaser"]
[Result "1/2-1/2"]
[WhiteElo "2092"]
[BlackElo "1804"]

1. e4 c5 2. Bc4 e6 3. d4 cxd4 4. Qxd4 Nc6 5. Qe3 Qc7 6. Nf3 d6 7. Bb5 Bd7 8. Nc3
Nf6 9. Bxc6 Bxc6 10. e5 dxe5 11. Nxe5 Bxg2 12. Rg1 Bc6 13. Nxc6 Qxc6 14. Bd2 g6
15. Qe5 Bg7 16. O-O-O O-O 17. Be3 Nd5 18. Nxd5 exd5 19. Qxd5 Qxd5 20. Rxd5 Rfd8
21. Rxd8+ Rxd8 22. Bxa7 Ra8 23. Bc5 Rxa2 24. Kd2 Rxb2 25. Re1 h5 26. Re8+ Kh7
27. Re7 Kg8 28. Re8+ 1/2-1/2

[Event "AUTO-ADV-4048"]
[Site "http://www.queenalice.com/game.php?id=1548402"]
[Date "2018.11.6"]
[Round "2"]
[White "marcoswerneck"]
[Black "EEC"]
[Result "0-1"]
[WhiteElo "1875"]
[BlackElo "2090"]

1. e4 e5 2. a3 Bc5 3. d3 d6 4. h3 Nc6 5. Nf3 Nd4 6. Nxd4 Bxd4 7. Qf3 Qf6 8. Qxf6
Nxf6 9. c3 Bb6 10. Be2 h6 11. Be3 Nh7 12. Bxb6 axb6 13. Nd2 f5 14. Bh5+ Ke7 15.
Bf3 fxe4 16. Bxe4 c6 17. c4 Ng5 18. Nf3 Nxf3+ 19. Bxf3 Bf5 20. Be4 Rhf8 21. Bxf5
Rxf5 22. O-O g5 23. g3 Rf3 24. Rad1 c5 25. Kg2 Rf7 26. Rde1 Raf8 27. Re2 Rf3 28.
Rd2 Ke6 29. b4 d5 30. bxc5 bxc5 31. Rb1 dxc4 32. Rb6+ Kd5 33. dxc4+ Kxc4 34.
Rxb7 Rxa3 35. Rh7 Rf6 36. Rc7 Rc3 37. Re7 Rf5 38. Ra7 Rcf3 39. g4 R5f4 40. Rc7
Kc3 41. Ra2 Kb3 42. Rca7 Rd3 43. R7a3+ Kc4 44. Rc2+ Kd4 45. Ra4+ Kd5 46. Ra5 Rc4
47. Rb2 Rcc3 48. Rb8 Rxh3 49. Rd8+ Kc6 50. Rc8+ Kb6 51. Raa8 Rh4 52. Rab8+ Ka6
53. Ra8+ Kb5 54. Rcb8+ Kc4 55. Ra4+ Kd5 56. Rd8+ Kc6 57. Rd2 c4 58. f3 e4 59.
Ra6+ Kb5 60. Rf6 exf3+ 61. Rxf3 Rxg4+ 62. Kf2 Rxf3+ 63. Kxf3 c3 64. Rc2 Rh4 65.
Kg3 Kc4 0-1

[Event "AUTO-ADV-4048"]
[Site "http://www.queenalice.com/game.php?id=1548403"]
[Date "2018.11.6"]
[Round "2"]
[White "EEC"]
[Black "marcoswerneck"]
[Result "1-0"]
[WhiteElo "2083"]
[BlackElo "1905"]

1. e4 e5 2. Bc4 d6 3. d3 h6 4. Qf3 Qf6 5. Nc3 Qxf3 6. Nxf3 Be6 7. Nd5 Bxd5 8.
Bxd5 c6 9. Bb3 Nf6 10. Nh4 Nbd7 11. f4 g6 12. fxe5 Nxe5 13. O-O Be7 14. h3 O-O-O
15. Bf4 Ned7 16. Bxf7 g5 17. Nf5 Bf8 18. Nxd6+ Bxd6 19. Bxd6 Nb6 20. Rxf6 Nd7
21. Be6 b6 22. Rf7 h5 23. e5 a6 24. Bf5 h4 25. e6 1-0